| 000 | 01057nam a22002777a 4500 | ||
|---|---|---|---|
| 001 | 9118 | ||
| 003 | FISKH | ||
| 005 | 20251124100133.0 | ||
| 008 | 251124b cb ||||| |||| 00| 0 eng d | ||
| 020 | _a9780439706384 | ||
| 040 |
_aFISKH _beng _cFISKH _dFISKH |
||
| 050 | _aPN6727.S546 B66 | ||
| 082 | _a741.5973 | ||
| 100 | _aSmith, Jeff | ||
| 245 |
_aEyes of the storm / _cBy Jeff Smith with color By Steve Hamaker |
||
| 250 | _aFirst Scholastic edition , February 2006 | ||
| 260 |
_aNew York : _bScholastic , _c2006. |
||
| 300 |
_a174 pages : _bcolor illustrations ; _c23 cm. |
||
| 490 | _aBone (Collections and Selections — Trade 3: Issues #12–19) | ||
| 520 | _aThe adventure starts when cousins Fone Bone, Phoney Bone, and Smiley Bone are run out of Boneville and later get separated and lost in the wilderness, meeting monsters and making friends as they attempt to return home. | ||
| 650 |
_aGraphic novels _vFiction |
||
| 650 |
_aComic _vFiction |
||
| 700 |
_aHamaker, Steve _eIllustrator |
||
| 942 |
_2ddc _cBK _n0 |
||
| 999 |
_c9118 _d9118 |
||